F1 Drivers By Driver Number - Statistics

General Stats
  • This quiz has been taken 78 times
  • The average score is 18 of 20
Answer Stats
Number Answer % Correct
1 Max Verstappen
100%
3 Daniel Ricciardo
97%
4 Lando Norris
97%
16 Charles Leclerc
95%
44 Lewis Hamilton
93%
55 Carlos Sainz
91%
10 Pierre Gasly
91%
14 Fernando Alonso
90%
18 Lance Stroll
90%
81 Oscar Piastri
90%
63 George Russell
88%
2 Logan Sargeant
88%
77 Valtteri Bottas
86%
11 Sergio Perez
84%
22 Yuki Tsunoda
84%
23 Alexander Albon
83%
31 Esteban Ocon
83%
20 Kevin Magnussen
83%
27 Nico Hulkenberg
83%
24 Zhou Guanyu
83%
No matching quizzes found
Score Distribution
Percent of People with Each Score
Percentile by Number Answered
Your Score History
You have not taken this quiz